[Event "Hasselbacken Open 2018"]
[Site "Stockholm"]
[Date "2018.11.04"]
[Round "8"]
[White "Ingbrandt, Johan"]
[Black "Lyrberg, Patrik"]
[Result "1/2-1/2"]
[WhiteElo "2364"]
[BlackElo "2440"]
[Annotator "TA"]
[PlyCount "59"]
[EventDate "2018.11.02"]
[EventCountry "SWE"]
[SourceTitle "playchess.com"]
[Source "ChessBase"]
[SourceQuality "1"]

{[%evp 29,59,17,24,24,41,31,36,4,2,4,3,2,2,2,3,3,6,0,0,0,0,0,0,0,0,0,0,0,0,0,0,0]} 1. Nf3 c5 2. g3 b6 3. Bg2 Bb7 4. O-O Nf6 5. c4 e6 6. b3 d5 7. Bb2 Be7 8. e3 O-O 9. Nc3 Nc6 10. cxd5 Nxd5 11. Nxd5 Qxd5 12. d4 Nb4 {A14: Reti-Eröffnung} (12... Qf5 13. Ne5 Nxe5 14. Bxb7 Rad8 15. Qe2 Qd3 16. Rae1 Qxe2 17. Rxe2 Nd3 18. Ba1 cxd4 19. Bxd4 Bf6 20. Bxf6 gxf6 {1-0 (99) So,W (2788)-Dominguez Perez,L (2739) Saint Louis 2017}) 13. Nh4 Qd7 14. dxc5 Qxd1 15. Rfxd1 Bxg2 {LiveBook: 5 Partien} 16. Kxg2 Bxc5 17. a3 Nd5 18. e4 Nf6 {Die Stellung ist ausgeglichen.} 19. Bxf6 gxf6 20. b4 Be7 $146 21. Rd7 Rfe8 22. Rc1 a5 23. Rcc7 axb4 24. axb4 Kf8 $1 25. Nf3 {Droht Sd4 und aus.} Rad8 26. e5 Rxd7 27. Rxd7 f5 28. Rb7 Bxb4 29. Rxb6 Bc3 30. Rc6 1/2-1/2

[Event "Hasselbacken Open 2018"]
[Site "Stockholm"]
[Date "2018.11.04"]
[Round "8"]
[White "Bellon Lopez, Juan Manuel"]
[Black "Galinsky, Timofey"]
[Result "0-1"]
[WhiteElo "2337"]
[BlackElo "2359"]
[Annotator "TA"]
[PlyCount "84"]
[EventDate "2018.11.02"]
[EventCountry "SWE"]
[SourceTitle "playchess.com"]
[Source "ChessBase"]
[SourceQuality "1"]

{[%evp 13,84,0,0,-22,-16,-26,-17,-24,-22,-12,-12,-25,0,0,0,0,0,0,0,0,10,0,14,0,0,0,0,0,11,-31,-31,-32,-32,-32,-32,-32,-32,-33,-31,-182,-182,-183,-182,-176,-187,-220,-118,-118,-119,-179,-121,-304,-304,-274,-275,-260,-239,-331,-294,-332,-317,-29971,-29972,-29972,-29973,-29976,-29977,-29977,-29978,-29978,-29979,-29981,-29982]} 1. d4 e6 2. Nf3 b6 3. Bg5 Be7 4. Bxe7 Qxe7 5. c3 Bb7 6. e3 f5 7. Nbd2 Nf6 8. g3 {A80: Dutch Defence: Unusual White second moves} d6 9. Bg2 Nbd7 10. a4 {The position is equal.} a5 11. O-O O-O 12. b4 $146 ({Predecessor:} 12. Qb3 Ne4 13. Rfd1 Ndf6 {0-1 (53) Tritar,K (2150)-Brousek,J (2050) IECG email 2000}) 12... Ne4 13. Nxe4 Bxe4 14. Nd2 Bxg2 15. Kxg2 Nf6 16. Qb3 h6 17. Rae1 Ne4 18. Nxe4 fxe4 19. d5 exd5 20. Qxd5+ Kh8 21. b5 Rae8 {[%cal Ba8e8,Be8e7,Be7f7,Bf7f5][%mdl 32]} 22. Rd1 Qf6 23. Qc4 Re7 24. Kg1 Qf5 25. Rd4 Rff7 26. f4 $2 (26. Qe2 $15) 26... exf3 $19 27. Rf4 {[#]} Qh5 $1 $40 {[%mdl 128] White is in trouble.} 28. Rxf7 Rxf7 {[%mdl 4096] Endgame KQR-KQR} ({Don't play} 28... Qxf7 29. Qxf7 Rxf7 30. Kf2 $15) 29. Qe4 Qf5 (29... d5 $19 30. Qd3 Qe5) 30. Qxf5 $17 Rxf5 {KR-KR} 31. Ra1 (31. Kf2 $17 {was called for.}) 31... g5 (31... Rd5 $19 {...Rd2 is the strong threat.} 32. Ra2 g5) 32. g4 $2 (32. Kf2 $17) 32... Rc5 $19 33. Kf2 Rxc3 34. Kxf3 Rc4 35. h3 Kg7 36. Rd1 Kf6 ({But not} 36... Rxa4 37. Rc1 $19) 37. Rd4 $2 (37. Ra1 $19) 37... Rxd4 {Black mates.} 38. exd4 d5 39. Ke3 Ke6 40. Kd3 Kd6 41. Kc3 c5 {[%cal Bc7c5,Bc5d4][%mdl 32]} 42. Kd3 {[#]} cxd4 $1 {Precision: White = 31%, Black = 71%.} 0-1

[Event "Hasselbacken Open 2018"]
[Site "Stockholm"]
[Date "2018.11.04"]
[Round "8"]
[White "Malesevic, Nedeljko"]
[Black "Lindgren, Philip"]
[Result "1/2-1/2"]
[WhiteElo "2239"]
[BlackElo "2374"]
[Annotator "TA"]
[PlyCount "141"]
[EventDate "2018.11.02"]
[EventCountry "SWE"]
[SourceTitle "playchess.com"]
[Source "ChessBase"]
[SourceQuality "1"]

{[%evp 16,141,32,17,30,0,0,0,0,0,0,0,3,-19,-16,-22,0,0,0,-10,-9,-14,-16,-2,-2,-2,41,0,0,-12,0,0,0,0,0,0,0,0,0,0,0,0,0,0,0,-12,-2,-25,0,0,0,0,0,0,0,0,0,0,0,0,0,0,0,-9,16,0,0,0,0,0,0,0,0,0,0,0,0,0,0,0,8,16,884,868,1704,1545,4566,833,4132,0,0,0,1768,0,0,0,737,0,1348,0,0,0,0,0,0,0,0,0,0,0,0,0,0,0,0,0,0,0,0,0,0,0,0,0,0,0,0,0]} 1. d4 Nf6 2. c4 e6 3. Nf3 d5 4. cxd5 exd5 5. Nc3 c6 6. Bg5 Nbd7 7. Qc2 {D51: Queen's Gambit Declined: 4 Bg5 Nbd7 sidelines} (7. e3 Be7 8. Bd3 O-O 9. Qc2 Re8 10. O-O Nf8 11. h3 g6 12. Bf4 Ne6 13. Bh2 Ng7 14. Qb3 Qb6 15. Nd2 Bf5 16. Be2 h5 17. Rfc1 Ne6 18. a3 h4 19. Na4 Qxb3 20. Nxb3 a5 21. Nd2 {½-½ (36) Wang,H (2722)-Naiditsch,A (2721) Douglas 2018}) 7... h6 8. Bh4 Bd6 9. e3 {LiveBook: 7 Games. White is slightly better.} Nb6 10. Bg3 $146 (10. Bd3 {seems wilder.} Be6 11. O-O Nbd7 12. e4 dxe4 13. Nxe4 Be7 14. Rfe1) ({Predecessor:} 10. Bd3 Be6 11. O-O O-O 12. Rac1 Nbd7 13. Bg3 Bxg3 14. hxg3 {½-½ (39) Salzmann,S (2273)-Pachnicke,H (2099) ICCF email 2016}) 10... Bxg3 11. hxg3 Be6 12. Bd3 Qd6 13. a3 a5 14. Na4 Nxa4 15. Qxa4 Nd7 16. Qc2 O-O 17. Ng5 Rfe8 ({Weaker is} 17... hxg5 18. Bh7+ Kh8 19. Bg8+ $1 {[%mdl 512]} Kxg8 20. Qh7#) 18. Bh7+ Kf8 $1 19. Nxe6+ Rxe6 20. Bf5 Rf6 21. Bxd7 (21. g4 $5 {[%cal Rg4g5]} Nb6 22. Bd3 $14) 21... Qxd7 22. Qh7 Qf5 23. Qxf5 $1 Rxf5 $11 {[%mdl 4096] Endgame KRR-KRR} 24. Ke2 Ke7 25. b4 Kd7 26. Rhc1 axb4 27. axb4 Rxa1 28. Rxa1 {KR-KR} Kc7 29. Ra8 h5 30. Ra5 Rf6 31. f3 g6 32. Kd3 Kb6 33. Rc5 Rd6 34. e4 dxe4+ 35. fxe4 Rf6 36. Ke2 Re6 37. Ke3 Re8 38. Ra5 Rh8 39. Kf4 h4 40. d5 hxg3 41. Kxg3 Rh1 42. Kf4 Rb1 43. d6 Rxb4 44. Ra8 Rd4 45. Ke5 Kc5 46. Ra2 {[#] aiming for Rc2+.} f6+ $1 {[%mdl 512]} 47. Kxf6 Rxd6+ 48. Ke7 {Hoping for Rc2+.} Rd3 $2 {[%mdl 8192]} (48... Rd1 $11) 49. e5 $18 b5 50. e6 b4 51. Rc2+ (51. Re2 $142 Kc4 52. Kf7) 51... Kd5 52. Kd7 $2 (52. Re2 $1 $18 {And now Kf6 would win.} Kc4 53. Kf7) 52... Ke5+ $2 {[%mdl 8192]} (52... c5 $11) 53. Ke7 Kd5 {[#]} 54. Kd7 $2 (54. Re2 $1 $18 Kc4 55. Kf7) 54... Ke5+ $2 {[%mdl 8192]} (54... c5 $11) 55. Ke7 Kd5 {[#]} 56. Kd7 $2 (56. Re2 $1 $18) 56... b3 $2 {[%mdl 8192]} (56... Ke5+ $11 57. Ke7) 57. Rxc6 $2 (57. Re2 $18 Kc5+ 58. Kc7) 57... b2 $11 {The position is equal.} 58. Rb6 Kc4+ 59. Kc7 Rb3 60. Rxb3 Kxb3 {KPP-KPP} 61. e7 b1=Q 62. e8=Q {Strongly threatening Qb5+. KQ-KQ} Qc2+ 63. Kd6 Qxg2 64. Qe3+ Kc4 65. Qc5+ Kd3 66. Qa3+ Ke2 67. Qa2+ Kf3 68. Qxg2+ Kxg2 69. Ke5 {[%cal Bd6e5,Be5f5,Bf5g4][%mdl 32]} g5 70. Kf5 g4 71. Kxg4 {Precision: White = 56%, Black = 55%.} 1/2-1/2

[Event "Hasselbacken Open 2018"]
[Site "Stockholm"]
[Date "2018.11.04"]
[Round "8"]
[White "Fors, Tomas"]
[Black "Ask, Josef"]
[Result "0-1"]
[WhiteElo "2152"]
[BlackElo "2143"]
[Annotator "TA"]
[PlyCount "82"]
[EventDate "2018.11.02"]
[EventCountry "SWE"]
[SourceTitle "playchess.com"]
[Source "ChessBase"]
[SourceQuality "1"]

{[%evp 17,82,29,51,13,14,9,10,-13,-5,-7,3,-26,-20,-11,-19,-47,-31,-46,0,-24,40,31,34,-8,6,14,41,54,100,84,142,146,178,183,166,168,258,222,239,207,227,216,216,64,300,300,338,335,716,718,806,795,985,191,167,125,81,0,0,-385,0,-536,-524,-889,-884,-2097,-2263]} 1. d4 Nf6 2. c4 g6 3. Nc3 Bg7 4. e4 d6 5. h3 O-O 6. Bg5 Na6 {[%cal Bb8a6,Ba6c5,Bc5e6,Be6f4][%mdl 32]} 7. Nf3 e5 8. d5 c6 9. Be2 {E90: King's Indian: Classical: Early deviations and 6 h3} cxd5 {LiveBook: 8 Games} 10. Nxd5 $146 ({Predecessor:} 10. cxd5 Bd7 11. O-O Qb8 12. Nd2 Rc8 13. a4 Nc5 14. Ra3 a5 15. Re1 {½-½ (72) Perez Ponsa,F (2577)-Aguilar,A (2280) Buenos Aires 2017}) 10... Nc5 11. Nd2 {The position is equal.} Ne6 12. Be3 Nxd5 13. cxd5 Nf4 14. Bf1 f5 15. g3 fxe4 16. Nxe4 Bf5 17. Nc3 Qe7 18. Qd2 Rfc8 ({Better is} 18... b5 $11) 19. f3 $14 b5 {[%cal Bb7b5,Bb5b4][%mdl 32]} 20. Kf2 {[%cal Be1f2,Bf2g1,Bg1h2][%mdl 32]} b4 $132 {[%mdl 2048] Black puts up resistance} 21. Ne4 Bxe4 22. fxe4 Rf8 23. Kg1 $1 Qg5 (23... Nh5 $142) 24. Kh2 $16 Qh5 25. gxf4 exf4 26. Bd4 (26. Bxf4 $2 Rxf4 $1 {[%mdl 512]} 27. Bg2 (27. Qxf4 $2 Be5 $19) 27... Be5 $19) 26... Bh6 (26... Be5 $142 27. Rg1 f3+ 28. Bxe5 (28. Kh1 Rf4 $16) 28... Qxe5+ 29. Rg3 a5) 27. Rg1 f3 28. Qf2 Rae8 29. Re1 Rf4 30. e5 $2 (30. Kh1 $18) 30... dxe5 $2 (30... Rh4 $1 $14 31. Be3 (31. Bxa7 $2 Bf4+ 32. Rg3 Rg4 $19) 31... Qxe5+ 32. Kh1 Bxe3 33. Rxe3 Qxe3 34. Qxh4 Rc8) 31. Be3 $18 ({Not} 31. Bxa7 e4 $16) 31... Qf5 32. Rc1 e4 $2 (32... Kh8 33. Rc7 (33. Bxa7 Re4 $16) 33... Qf6) 33. d6 Bg7 34. d7 Rf8 35. Rc8 $2 (35. Qd2) 35... Qxd7 36. Rxf8+ Rxf8 37. Bc4+ (37. Kh1 $16) 37... Kh8 $11 {White must now prevent ...Qc7+.} 38. Rxg6 $2 {[%mdl 8192] [#]} (38. Bf1 $11 {and White is okay.}) 38... Qc7+ $2 ({Black should play} 38... Be5+ $1 $19 39. Rg3 Qg7) 39. Kh1 $2 {[%mdl 8192]} (39. Qg3 $11 Qxc4 40. Rxg7 Qe2+ 41. Bf2) 39... Qxc4 $19 {Black is clearly winning.} 40. Rxg7 Kxg7 41. Bd4+ Kf7 {Precision: White = 39%, Black = 30%.} 0-1

[Event "Hasselbacken Open 2018"]
[Site "Stockholm"]
[Date "2018.11.04"]
[Round "8"]
[White "Evertsson, Lennart"]
[Black "Pantzar, Milton"]
[Result "0-1"]
[WhiteElo "2145"]
[BlackElo "2314"]
[Annotator "TA"]
[PlyCount "96"]
[EventDate "2018.11.02"]
[EventCountry "SWE"]
[SourceTitle "playchess.com"]
[Source "ChessBase"]
[SourceQuality "1"]

{[%evp 10,96,29,3,0,-13,-16,-21,-16,-17,-12,-25,-23,-81,-81,-77,-85,-91,-99,-102,-51,-108,-99,-143,-125,-133,-112,-118,-117,-137,-141,-127,-58,-105,-16,-420,-375,-271,0,0,0,0,0,-30,-40,-120,-117,-433,-50,-570,-570,-552,-570,-570,-548,-594,-577,-526,-335,-325,-287,-370,-370,-335,-331,-323,-285,-456,-456,-447,-448,-427,-426,-403,-306,-452,-430,-391,-383,-1047,-760,-1063,-1104,-1470,-1439,-1370,-1326,-1603,-1579]} 1. e4 e5 2. Nf3 Nc6 3. Bc4 Nf6 4. d3 h6 5. Nc3 d6 6. Be3 Na5 {C55: Two Knights: 4 d3, 4 d4 exd4 5 e5 and Max Lange Attack} 7. Bb5+ $146 ({Predecessor:} 7. h3 a6 8. Qe2 b5 9. Bb3 Nxb3 10. axb3 b4 11. Nb1 c5 12. Nbd2 g6 13. Nc4 Bg7 14. Qd2 {½-½ (53) Ciobanu,V (2261)-Sofronie,I (2457) Baile Olanesti 2010}) 7... c6 8. Ba4 b5 {The position is equal.} 9. Bb3 Be7 10. h3 O-O 11. g4 (11. O-O $11 {keeps the balance.}) 11... d5 {Hoping for ...d4.} 12. exd5 cxd5 13. d4 exd4 14. Nxd4 {[#]} Bb7 (14... b4 $1 $17 {[%cal Rb4c3]} 15. Nce2 Nc4) 15. Rg1 (15. Ncxb5 $15 Nc4 16. Bxc4 dxc4 17. O-O) 15... b4 $17 16. Nce2 Ne4 17. Nf5 Bf6 18. Ned4 Nc4 19. Bxc4 dxc4 20. h4 Re8 {[#]} (20... c3 $17 21. bxc3 Nxc3) 21. g5 $1 $15 {[%cal Rg5f6][%mdl 512] [#]} hxg5 (21... Be5 $1 $17 {Threatens to win with ...c3.} 22. gxh6 g6) 22. Qg4 $2 {[%mdl 8192]} (22. hxg5 $11 {and White stays safe.} Nxg5 23. Qh5) 22... Bxd4 23. Nxd4 {[%cal Rh4g5]} Qxd4 $2 (23... c3 $19 24. b3 g6) 24. Bxd4 $11 Nf6+ 25. Qe2 $1 Bf3 26. Qxe8+ (26. Qe3 $5 Ng4 27. Rxg4 Rxe3+ 28. fxe3 Bxg4 29. hxg5 $11) 26... Rxe8+ 27. Kf1 (27. Kd2 $1 $15) 27... Ne4 $17 {[%cal Re4d2][%mdl 1024] Black has strong compensation.} 28. Ke1 $2 {[%mdl 8192]} (28. Rg3 $17 Nxg3+ 29. fxg3) 28... Nd6+ $2 ({Black should try} 28... gxh4 $19 29. Rxg7+ Kf8) 29. Kd2 $2 {[%mdl 8192]} (29. Kf1 $15 Ne4 30. Rg2) 29... Re2+ $19 30. Kc1 Nf5 31. Bxa7 gxh4 {[%cal Bg5h4,Bh4h3][%mdl 32]} 32. c3 h3 {And now ...h2 would win.} 33. Bb8 bxc3 34. bxc3 Rxf2 35. Rb1 {White hopes to continue with Rb2.} Rxa2 36. Rb2 Ra1+ 37. Rb1 Ra3 {Strongly threatening ...Be4.} 38. Rb5 (38. Be5 {keeps fighting.}) 38... Rxc3+ 39. Kb2 {[#]} Rb3+ $1 40. Rxb3 cxb3 41. Kxb3 {[%mdl 4096] Endgame KRB-KBN} Bg2 42. Rc1 (42. Ra1 $142 g5 43. Kc3) 42... Nd4+ 43. Kc4 Nf3 44. Rc2 $2 (44. Kd3 h2 45. Bxh2 Nxh2 46. Rc2) 44... g5 {Black is clearly winning.} 45. Kc5 f5 {[%cal Bf7f5,Bf5f4][%mdl 32]} 46. Re2 f4 47. Re8+ Kf7 48. Rh8 h2 {Precision: White = 23%, Black = 63%.} 0-1